[Event "RUS Cup Final Men 2019"]
[Site "Khanty-Mansiysk"]
[Date "2019.12.10"]
[Round "3.2"]
[White "Sjugirov, Sanan"]
[Black "Pogosyan, Stefan"]
[Result "1-0"]
[WhiteElo "2665"]
[BlackElo "2459"]
[Annotator "TA"]
[PlyCount "155"]
[EventDate "2019.12.05"]
[EventType "k.o."]
[EventCountry "RUS"]
[SourceTitle "playchess.com"]
[Source "ChessBase"]
[SourceQuality "1"]

{[%evp 10,155,31,29,26,27,34,34,69,37,34,30,33,8,20,0,0,0,0,-39,-25,-94,-81,-114,-84,-104,-69,-77,-68,-69,-66,-76,-76,-73,-45,-45,-36,-63,-62,-67,-62,-83,-56,-72,-62,-71,-56,-103,-83,-88,0,0,0,0,0,0,0,0,0,0,6,6,6,6,6,6,6,6,6,6,6,6,6,6,6,6,6,6,6,6,6,6,6,6,6,6,6,6,6,0,0,0,0,0,0,0,179,0,0,0,0,0,0,0,0,0,0,0,0,0,0,0,0,0,0,0,59,59,59,59,656,463,836,762,772,771,653,653,4152,4152,4152,4152,4152,4152,4149,4149,4149,4149,4149,4145,4145,4145,4145,4145,4145,4145,4145,4144]} 1. Nf3 Nf6 2. g3 d5 3. Bg2 Bf5 4. c4 c6 5. Qb3 Qb6 6. d3 e6 {A11: English Opening: 1...c6} 7. Be3 Qxb3 8. axb3 Na6 $146 {[%cal Bb8a6,Ba6b4,Bb4c2][%mdl 32] White is slightly better.} (8... a6 9. Bd2 Nbd7 10. Bc3 Be7 11. Nbd2 c5 12. Ne5 d4 13. Nxd7 Nxd7 14. Ba5 {1-0 (45) Giri,A (2783)-Aronian,L (2765) St Petersburg 2018}) 9. O-O Bg4 10. Nbd2 Bd6 11. Ra5 e5 12. d4 e4 13. Ne5 Nb4 14. f3 Nc2 15. Kf2 (15. Bg5 $11 {keeps the balance.} Bc8 16. fxe4) 15... exf3 $17 ({But not} 15... Nxe3 16. Kxe3 exf3 17. exf3 $11) 16. exf3 Be6 17. Rc1 Nxe3 18. Kxe3 O-O 19. c5 Bc7 20. Raa1 Rfe8 21. Kf2 Nd7 22. Nxd7 Bxd7 23. b4 g5 24. Nb3 a6 25. Bf1 Rad8 26. Bd3 f5 27. Re1 Kf7 28. Rh1 h5 29. h4 g4 (29... f4 $17 30. gxf4 g4) 30. f4 $11 Re7 31. Rhe1 Rxe1 32. Kxe1 Re8+ 33. Kd2 Bc8 34. Bf1 Re7 35. Bg2 Ke8 36. Nc1 Re6 37. Nd3 Bd8 38. Ne5 {Black must now prevent b5!} Bf6 39. Bf1 Re7 40. Bd3 Kd8 41. Bc2 Rg7 42. Kc3 Kc7 43. Bb3 Kb8 44. Re1 Re7 45. Bc2 Kc7 46. Bd3 Rg7 47. Bf1 Re7 48. Bg2 (48. Kb3 {is interesting.} Be6 49. Bd3 Re8 50. Kc2 Bc8 51. Kd2) 48... Kb8 49. Nd3 (49. Rc1 {feels hotter.} Kc7 50. Bf1 Be6 51. Bd3 Re8 52. Re1) 49... Rxe1 50. Nxe1 {[%mdl 4096] Endgame KBB-KBN} Be6 51. Bf1 Kc7 52. Bd3 b5 $2 {[#]} (52... b6 $1 $11) 53. cxb6+ $2 (53. Nc2 $18) 53... Kxb6 54. Nc2 a5 55. bxa5+ Kxa5 56. b4+ Ka4 $1 57. Be2 Be7 58. Bd1 Bd6 59. Ne1+ Ka3 60. Nd3 Bc8 61. Bc2 Ba6 62. Nc5 Bxf4 (62... Bc8 $11 63. Bd3 Bc7) 63. Nxa6 $14 ({Avoid the trap} 63. Bxf5 $2 Bf1 $19) 63... Bxg3 {aiming for ...Be1+.} 64. Bxf5 {And now Bd7 would win.} Bxh4 $2 {[%mdl 8192] [#]} (64... Be1+ $14 65. Kd3 Bxh4) 65. Nb8 $1 $18 {[%cal Rb8c6] White is clearly winning.} Be1+ (65... g3 $142 66. Bh3 Ka4) 66. Kd3 Bxb4 67. Nxc6 g3 68. Bh3 Bd6 69. Ne5 Kb4 70. Nd7 Kb5 71. Nf6 h4 72. Nxd5 Kc6 73. Ke4 Ba3 74. Ne3 Be7 75. Ke5 Bg5 76. Nf5 Kb5 77. Nd6+ Kb4 78. d5 {Accuracy: White = 68%, Black = 65%.} 1-0

[Event "RUS Cup Final Men 2019"]
[Site "Khanty-Mansiysk"]
[Date "2019.12.10"]
[Round "3.2"]
[White "Chigaev, Maksim"]
[Black "Sarana, Alexey"]
[Result "1/2-1/2"]
[WhiteElo "2631"]
[BlackElo "2663"]
[Annotator "TA"]
[PlyCount "129"]
[EventDate "2019.12.05"]
[EventType "k.o."]
[EventCountry "RUS"]
[SourceTitle "playchess.com"]
[Source "ChessBase"]
[SourceQuality "1"]

{[%evp 21,129,0,0,0,0,0,0,0,0,0,0,0,35,27,81,84,114,0,9,0,0,0,0,0,0,0,18,7,5,6,10,5,5,5,5,5,5,5,6,6,18,0,30,22,22,0,12,0,15,16,31,5,5,0,31,31,20,33,65,65,146,140,12843,12843,12844,12844,12845,12845,12847,12847,12848,12848,12849,12848,12849,12849,12850,0,12849,12845,12845,12846,12846,12845,12845,12847,12849,12847,12847,12843,12845,12844,12845,12845,12844,0,12847,12847,12849,12847,12848,12847,12849,12846,12846,12845,12845,12846,12846,0]} 1. e4 c5 2. Nf3 d6 3. d4 Nf6 4. Nc3 cxd4 5. Nxd4 a6 6. Bg5 e6 7. f4 Qb6 8. Qd2 Qxb2 9. Rb1 Qa3 10. f5 Nc6 11. fxe6 fxe6 12. Nxc6 {B97: Sicilian Najdorf: Poisoned Pawn} bxc6 13. Bd3 (13. e5 dxe5 14. Bxf6 gxf6 15. Ne4 Qxa2 16. Rd1 Be7 17. Be2 O-O 18. O-O f5 19. Qh6 Qxc2 20. Rf3 f4 21. Rh3 Rf7 22. Rhd3 Qxe2 23. Rd8+ Rf8 24. Nf6+ Kf7 25. Qxh7+ Kxf6 26. Qh6+ Kf7 27. Qh7+ Kf6 28. Qh6+ Kf7 29. Qh7+ {½-½ (29) Radjabov,T (2710)-Grischuk,A (2750) Moscow 2017}) 13... Be7 14. e5 {The position is equal.} dxe5 15. O-O O-O 16. Qe1 Bd7 $146 ({Predecessor:} 16... Ra7 17. Ne4 Rd7 18. Qh4 Nxe4 19. Qxe4 Rxf1+ 20. Rxf1 g6 21. Bh6 Rd8 22. Qf3 Kh8 {½-½ (22) Willmann,B (2120)-Van Bommel,T (1841) LSS email 2014}) 17. Qh4 $1 Rf7 {[#]} (17... Qc5+ $11 {keeps the balance.} 18. Kh1 Qd4) 18. Ne4 $1 $16 Nxe4 19. Qxe4 (19. Bxe4 $16 h6 {[#]} 20. Bh7+ $1 {[%mdl 512]} Kh8 21. Rxf7 Bxg5 22. Qe4) 19... Rxf1+ $11 20. Rxf1 {[%csl Gd3][%cal Re4h7]} g6 21. Bxe7 Qxe7 22. Qxe5 Rf8 23. Bxa6 Qa3 24. Rxf8+ Kxf8 25. Bd3 {aiming for Qh8+.} Ke7 26. h4 Qxa2 27. Qg7+ Kd6 28. Qxh7 Qa1+ 29. Kh2 Qf6 30. Qh6 Be8 31. Kg3 Ke7 32. Qe3 e5 33. Kh3 Kd6 34. Be4 Ke7 35. g3 Kf8 36. g4 Kg7 37. Kg3 Qd6 38. h5 gxh5 39. Qg5+ {[%mdl 64] Double Attack} Kf8 $1 40. gxh5 {Strongly threatening h6.} Qe7 (40... Qb4 $14 41. Qf6+ (41. Qxe5 Qe1+ 42. Kg4 Qd1+ 43. Kh4 Bxh5 $16) 41... Kg8 42. Qxe5 Bxh5) 41. Kh4 $16 Qxg5+ $4 {[%mdl 8192]} (41... Qb4 $16 42. Qf6+ (42. Qxe5 Qe1+ 43. Kg5 Qd2+ 44. Qf4+ Qxf4+ 45. Kxf4 Bxh5 $16) 42... Kg8 43. Qxe5 Qe1+ 44. Kg5 Qd2+ 45. Kf6 Qf2+ 46. Qf5 Qxf5+ 47. Kxf5 Bxh5) 42. Kxg5 {[%mdl 4096] Endgame KB-KB} c5 43. h6 Kg8 44. Kf6 c4 45. c3 Bh5 46. Kxe5 Kh8 47. Kd5 Be2 48. Kd4 Bf1 49. Kc5 $2 (49. Bd5 $18 Kh7 50. Bxc4) 49... Be2 $2 {[%mdl 8192]} (49... Bd3 $11) 50. Kd5 Bd3 51. Ke5 Be2 52. Bg6 Bd3 53. Bf5 Be2 54. Kf4 Bh5 55. Bg4 Bg6 56. Kg5 Bd3 57. Bf5 Be2 58. Kf4 Bh5 59. Ke3 {White is clearly winning.} Bd1 60. Bg6 Bg4 61. Be4 Bh5 62. Kf2 Bg4 63. Kg3 Bh5 64. Kf4 Be2 65. Bf5 $2 {Accuracy: White = 58%, Black = 47%.} (65. Bg6 $18 Kg8 66. Bf5) 1/2-1/2

[Event "RUS Cup Final Men 2019"]
[Site "Khanty-Mansiysk"]
[Date "2019.12.10"]
[Round "3.3"]
[White "Pogosyan, Stefan"]
[Black "Sjugirov, Sanan"]
[Result "1/2-1/2"]
[WhiteElo "2459"]
[BlackElo "2665"]
[Annotator "TA"]
[PlyCount "81"]
[EventDate "2019.12.05"]
[EventType "k.o."]
[EventCountry "RUS"]
[SourceTitle "playchess.com"]
[Source "ChessBase"]
[SourceQuality "1"]

{[%evp 19,81,0,0,0,0,20,14,11,16,-13,-14,-19,-8,-45,-45,-51,-48,-49,-45,-53,-25,-58,-33,-68,-34,-56,0,0,0,0,0,0,0,-66,0,0,9,0,0,0,0,0,0,-27,0,0,0,0,0,0,0,0,0,-16,-16,-16,-16,-16,0,0,0,-31,0,0]} 1. d4 Nf6 2. c4 g6 3. Nc3 Bg7 4. e4 d6 5. Nf3 O-O 6. Be2 Na6 7. O-O e5 8. d5 Nc5 9. Qc2 a5 10. b3 Nh5 11. Bg5 {E94: King's Indian: Classical: 6 Be2 e5 7 0-0: Various Black 7th moves} (11. Re1 f5 12. Nd2 Nf4 13. Bf1 Qg5 14. g3 Qg4 15. Ba3 Nh3+ 16. Bxh3 Qxh3 17. Bxc5 dxc5 18. Qd3 f4 {0-1 (26) Lopez,J (2388)-Agrest,I (2275) chess.com INT 2019}) 11... f6 12. Be3 b6 13. Nd2 Nf4 14. Rfe1 $146 (14. Bf3 {feels hotter.} Bd7 15. Rab1 f5 16. a3 Qe8 17. exf5 Bxf5 18. Be4) ({Predecessor:} 14. Bxf4 exf4 15. Nf3 f5 16. Nd4 Bxd4 17. Nb5 Bxa1 {0-1 (17) Sturm,H (1398)-Hassemeier,M (1872) Wiesbaden 2019}) 14... Nxe2+ 15. Rxe2 f5 16. f3 f4 17. Bf2 g5 18. a3 Rf7 19. Ree1 Bf8 20. b4 Nd7 21. Na4 Rg7 22. c5 axb4 (22... g4 $15 23. fxg4 Rxg4) 23. axb4 $11 bxc5 24. bxc5 g4 25. fxg4 h5 26. c6 ({Don't play} 26. gxh5 Qg5 $17) ({White should play} 26. Nb2 $11 Rxa1 27. Rxa1) 26... Nf6 (26... Qg5 $15 27. cxd7 Qxg4) 27. g5 Rxg5 {White must now prevent ...Bh3.} 28. Bh4 Rg7 29. Qd3 Be7 $1 {And now ...Ng4 would win.} 30. Bxf6 Bxf6 31. Nc3 Rxa1 32. Rxa1 h4 33. Kh1 h3 34. gxh3 Qe8 35. Qf3 Qg6 36. Ne2 Kh7 37. Ra8 Rg8 {aiming for ...Bg4.} 38. Ra7 Rg7 39. Ra8 Rg8 {Threatens to win with ...Bg4.} 40. Ra7 Rg7 {[%mdl 1024] Black has compensation.} 41. Ra8 {Accuracy: White = 69%, Black = 72%.} 1/2-1/2

[Event "RUS Cup Final Men 2019"]
[Site "Khanty-Mansiysk"]
[Date "2019.12.10"]
[Round "3.5"]
[White "Sjugirov, Sanan"]
[Black "Pogosyan, Stefan"]
[Result "1/2-1/2"]
[WhiteElo "2665"]
[BlackElo "2459"]
[Annotator "RC"]
[PlyCount "89"]
[EventDate "2019.12.05"]
[EventType "k.o."]
[EventCountry "RUS"]
[SourceTitle "playchess.com"]
[Source "ChessBase"]
[SourceQuality "1"]

1. Nf3 Nf6 2. g3 d5 3. Bg2 c6 4. c4 Bf5 5. Qb3 Qb6 6. d3 e6 7. Be3 Qxb3 8. axb3 Na6 9. Ne5 Bb4+ 10. Kd1 Nc5 11. Kc2 a5 12. Nc3 Ncd7 13. Nxd7 Nxd7 14. Bd2 Ke7 15. e4 dxe4 16. Bxe4 Nc5 17. Bxf5 exf5 18. d4 Ne6 19. Be3 Rhd8 20. Rhd1 Kf6 21. d5 Nc5 22. f3 g5 23. dxc6 bxc6 24. Rxd8 Rxd8 25. Bxc5 Bxc5 26. Rxa5 Be3 27. Ra6 Rd2+ 28. Kb1 Ke5 29. Rxc6 Rxh2 30. b4 h5 31. b5 h4 32. gxh4 g4 33. fxg4 fxg4 34. b6 g3 35. b7 Ba7 36. Ra6 g2 37. Ne2 Bb8 38. Ra8 Bc7 39. Rc8 Kd6 40. Rg8 Rxh4 41. Rxg2 Rxc4 42. Rg7 Ke6 43. Rg8 Rb4 44. Kc2 Rxb7 45. Re8+ {Ke5} 1/2-1/2

[Event "RUS Cup Final Men 2019"]
[Site "Khanty-Mansiysk"]
[Date "2019.12.10"]
[Round "3.5"]
[White "Sjugirov, Sanan"]
[Black "Pogosyan, Stefan"]
[Result "1-0"]
[WhiteElo "2665"]
[BlackElo "2459"]
[Annotator "TA"]
[PlyCount "109"]
[EventDate "2019.12.05"]
[EventType "k.o."]
[EventCountry "RUS"]
[SourceTitle "playchess.com"]
[Source "ChessBase"]
[SourceQuality "1"]

{[%evp 17,109,12,19,14,11,0,0,-25,-22,-15,36,8,130,-39,-22,-77,-75,-70,-76,-75,-63,-60,78,-70,-21,-111,-103,-120,-75,-100,-51,-91,-30,-43,-4,-12,-26,-44,0,0,0,-76,-31,-83,72,-33,-24,-156,-144,-160,-133,-117,-53,-70,-67,-82,7,-29,-23,-43,0,-245,-245,-418,-423,-381,-368,-348,-320,-306,-14,-17,-17,-24,-25,-78,-62,-68,-70,-135,-142,-141,-130,-262,-261,-292,-292,-291,-93,-103,29972,29972,29980,29981]} 1. d4 Nf6 2. c4 e6 3. Nf3 b6 4. g3 Bb7 5. Bg2 Be7 6. O-O O-O 7. Nc3 Ne4 8. Bd2 d5 9. cxd5 exd5 10. Qb3 {E18: Queen's Indian: Old Main Line (4 g3 Bb7 5 Bg2 Be7 6 0-0 0-0 7 Nc3)} (10. Rc1 Nd7 11. Bf4 c6 12. h4 Ndf6 13. Ne5 c5 14. dxc5 Bxc5 15. Nd3 Be7 16. Nb5 a6 17. Nd4 Rc8 18. Rxc8 Qxc8 19. Qb3 {0-1 (52) Sarana,A (2618)-Korobov,A (2698) St Petersburg 2018}) 10... c5 11. dxc5 $146 ({Predecessor:} 11. Bf4 Na6 12. Rfd1 c4 13. Qc2 Nb4 14. Qc1 Rc8 15. h4 Qe8 16. a3 Nxc3 17. bxc3 Nc6 {1-0 (72) Khademalsharieh,S (2431)-Kosteniuk,A (2551) Germany 2019}) 11... Nxc5 12. Qd1 {The position is equal.} d4 13. Nb5 Ne6 (13... Nc6 $11) 14. Bf4 {[%cal Rf3d4]} Bf6 (14... Nc6 $11) 15. Nd6 $2 (15. Nfxd4 $1 $16 Bxg2 16. Nxe6 fxe6 17. Kxg2) 15... Bd5 (15... Bc6 $5 {[%cal Re6f4]} 16. Nc4 Bd5 17. Bxb8 Rxb8 $15) 16. Nf5 (16. Qd2 $11) 16... Nc6 $17 17. Rc1 Nxf4 18. gxf4 Qd7 19. Ng3 $1 g6 (19... Rad8 $15 {keeps the upper hand.}) 20. a3 (20. e4 $1 $16 {[%cal Re4d5]} Be6 21. e5) 20... Rfe8 {[#]} 21. Re1 (21. e4 $1 $11 {[%mdl 512]} dxe3 (21... Bxe4 22. Nxe4) 22. Ne5 $1 {[%mdl 512]} Nxe5 23. fxe5 Rxe5 24. f4) 21... Rad8 22. b4 a6 23. Qd2 Qb7 24. Red1 Re7 (24... Ne7 $17) 25. h4 Red7 26. h5 Ne7 27. Re1 Nf5 28. Nxf5 gxf5 29. Kh2 (29. Ne5 $11 Rd6 30. Bh3) 29... Kh8 30. Rg1 (30. Ne5 $1 $15 Rd6 31. Rg1) 30... Rg8 $2 {[#]} (30... Qb8 $1 $17 {keeps the pressure on.} 31. Bh3 Bxf3 32. exf3 Rd5) 31. Bh1 (31. Ne5 $1 $16 {[%cal Re5d7]} Re7 32. Bxd5 Qxd5 33. Rxg8+ Kxg8 34. h6) 31... Rdd8 $15 32. Ng5 (32. Rxg8+ $11 {keeps the balance.} Rxg8 33. Qc2) 32... Bxh1 $17 33. Rxh1 Bxg5 34. fxg5 {[#]} Qb8+ ({Better is} 34... Qe4 $1 $17 {[%cal Re4h4] ( -> ...Qh4+!)} 35. Rcg1 d3 36. exd3 Rxd3 {[%mdl 64] Double Attack} 37. Qb2+ Rg7) 35. Kh3 $15 Qe5 {And now ...f4 would win.} 36. Rhg1 d3 (36... f6 $17 37. f4 Qe8) 37. e3 f6 $36 {[%mdl 2048] Black fights for an advantage.} 38. f4 Qe8 39. Kh4 $2 (39. Kg2 $11 {and White has nothing to worry.}) 39... fxg5+ $19 40. fxg5 $2 (40. Rxg5 Rxg5 41. fxg5) 40... Qe4+ 41. Kh3 Qf3+ 42. Rg3 Qxh5+ {[%mdl 64] Double Attack} 43. Kg2 Qe2+ $2 (43... Rxg5 $19 44. Rxg5 Qxg5+ 45. Kf1 Qf6) 44. Qxe2 $11 dxe2 {[%mdl 4096] Endgame KRR-KRR} 45. Re1 Rd3 46. a4 (46. Rxe2 $11 {remains equal.} Rxa3 47. Rd2) 46... Rb3 $17 47. Rxe2 Rxb4 48. Rd2 ({White should try} 48. Ra2 $15) 48... Rxa4 49. Kf3 {[#]} Rg4 $1 50. Rh3 (50. Rxg4 $17 fxg4+ 51. Kxg4) 50... R4xg5 $19 ({Much less strong is} 50... R8xg5 51. Rd8+ Rg8 52. Rd5 $19) 51. Rd7 {[%csl Gd7][%cal Rh3h7]} R5g7 52. Rd6 Rf7 $2 (52... Rb8 $19 {has better winning chances. Hoping for ...a5.} 53. Rhh6 Rgb7) 53. Rxb6 $17 Rg6 $2 {[%mdl 8192]} (53... Ra7 $17 54. Rh4 a5) 54. Rxg6 f4 55. exf4 {Accuracy: White = 24%, Black = 24%.} 1-0

[Event "RUS Cup Final Men 2019"]
[Site "Khanty-Mansiysk"]
[Date "2019.12.11"]
[Round "4.1"]
[White "Sjugirov, Sanan"]
[Black "Sarana, Alexey"]
[Result "1-0"]
[WhiteElo "2665"]
[BlackElo "2663"]
[Annotator "RC"]
[PlyCount "191"]
[EventDate "2019.12.05"]
[EventType "k.o."]
[EventCountry "RUS"]
[SourceTitle "playchess.com"]
[Source "ChessBase"]
[SourceQuality "1"]
[TimeControl "5400+30"]

1. d4 {[%emt 0:01:41]} Nf6 {[%emt 0:00:00]} 2. c4 {[%emt 0:00:05]} e6 {[%emt 0:00:00]} 3. Nf3 {[%emt 0:00:24]} d5 {[%emt 0:00:00]} 4. g3 {[%emt 0:00:44]} Bb4+ {[%emt 0:00:02]} 5. Bd2 {[%emt 0:00:11]} Be7 {[%emt 0:00:07]} 6. Bg2 {[%emt 0:00:10]} c6 {[%emt 0:00:04]} 7. O-O {[%emt 0:00:28]} O-O {[%emt 0:00:11]} 8. Qb3 {[%emt 0:00:29]} a5 {[%emt 0:00:15]} 9. Rd1 {[%emt 0:02:24]} Nbd7 {[%emt 0:00:14]} 10. Bf4 {[%emt 0:00:30]} Nh5 {[%emt 0:00:17]} 11. Bc1 {[%emt 0:04:31]} f5 {[%emt 0:02:16]} 12. Qc2 {[%emt 0:05:59]} Bd6 {[%emt 0:02:26]} 13. b3 {[%emt 0:03:22]} Qe7 {[%emt 0:00:08]} 14. Bb2 {[%emt 0:07:23]} b6 {[%emt 0:03:44]} 15. e3 {[%emt 0:02:15]} Bb7 {[%emt 0:01:47]} 16. Ne5 {[%emt 0:07:18]} Nhf6 {[%emt 0:03:40]} 17. Nxd7 {[%emt 0:05:33]} Nxd7 {[%emt 0:01:33]} 18. Nc3 {[%emt 0:00:38]} Rac8 {[%emt 0:01:04]} 19. Na4 {[%emt 0:08:25]} Ba6 {[%emt 0:14:40]} 20. Nxb6 {[%emt 0:11:19]} Nxb6 {[%emt 0:00:18]} 21. c5 {[%emt 0:00:06]} Bxc5 {[%emt 0:00:18]} 22. dxc5 {[%emt 0:00:27]} Nd7 {[%emt 0:00:06]} 23. Rac1 {[%emt 0:00:29]} Ra8 {[%emt 0:06:19]} 24. Qd2 {[%emt 0:02:42]} Rfb8 {[%emt 0:02:29]} 25. e4 {[%emt 0:02:16]} fxe4 {[%emt 0:00:31]} 26. Bxe4 {[%emt 0:00:04]} a4 {[%emt 0:00:21]} 27. b4 {[%emt 0:01:27]} Nf6 {[%emt 0:04:21]} 28. Bg2 {[%emt 0:01:04]} e5 {[%emt 0:00:47]} 29. Re1 {[%emt 0:00:29]} e4 {[%emt 0:00:28]} 30. f3 {[%emt 0:00:09]} a3 {[%emt 0:02:12]} 31. Bxa3 {[%emt 0:06:14]} Bf1 {[%emt 0:06:02]} 32. Rxf1 {[%emt 0:04:30]} Rxa3 {[%emt 0:00:11]} 33. fxe4 {[%emt 0:00:07]} dxe4 {[%emt 0:01:56]} 34. Rce1 {[%emt 0:01:57]} Qe5 {[%emt 0:06:34]} 35. Rf4 {[%emt 0:01:10]} Qd5 {[%emt 0:01:50]} 36. Qxd5+ {[%emt 0:03:26]} cxd5 {[%emt 0:00:01]} 37. Rc1 {[%emt 0:00:11]} Ne8 {[%emt 0:01:10]} 38. Rcf1 {[%emt 0:02:11]} Nf6 {[%emt 0:01:34]} 39. Rc1 {[%emt 0:01:41]} Ne8 {[%emt 0:00:01]} 40. Bh3 {[%emt 0:01:26]} Nc7 {[%emt 0:00:11]} 41. Rcf1 {[%emt 0:00:05]} e3 {[%emt 0:04:28]} 42. b5 {[%emt 0:03:26]} e2 {[%emt 0:01:12]} 43. Re1 {[%emt 0:00:01]} g5 {[%emt 0:07:16]} 44. b6 {[%emt 0:01:32]} Na6 {[%emt 0:00:35]} 45. Rf5 {[%emt 0:01:40]} Rxa2 {[%emt 0:02:14]} 46. Rxg5+ {[%emt 0:00:22]} Kh8 {[%emt 0:00:02]} 47. c6 {[%emt 0:03:53]} Rxb6 {[%emt 0:03:05]} 48. Be6 {[%emt 0:00:02]} h6 {[%emt 0:04:09]} 49. Rg8+ {[%emt 0:00:04]} Kh7 {[%emt 0:00:03]} 50. Bxd5 {[%emt 0:00:09]} Rd2 {[%emt 0:00:11]} 51. Rd8 {[%emt 0:00:13]} Kg7 {[%emt 0:00:02]} 52. Kf2 {[%emt 0:03:46]} Nc7 {[%emt 0:04:51]} 53. Rd7+ {[%emt 0:00:05]} Kf6 {[%emt 0:00:04]} 54. Rf7+ {[%emt 0:02:07]} Kg6 {[%emt 0:02:30]} 55. Rxc7 {[%emt 0:00:05]} Rxd5 {[%emt 0:00:03]} 56. Rxe2 {[%emt 0:00:04]} Rc5 {[%emt 0:00:27]} 57. Re6+ {[%emt 0:00:04]} Kf5 {[%emt 0:01:26]} 58. Rxh6 {[%emt 0:00:08]} Rc2+ {[%emt 0:00:44]} 59. Ke3 {[%emt 0:00:09]} Rb3+ {[%emt 0:00:20]} 60. Kd4 {[%emt 0:00:05]} Rbc3 {[%emt 0:01:32]} 61. Rf7+ {[%emt 0:04:43]} Kg5 {[%emt 0:00:01]} 62. Rd6 {[%emt 0:00:07]} Rc4+ {[%emt 0:00:47]} 63. Kd5 {[%emt 0:00:04]} Rc5+ {[%emt 0:00:00]} 64. Ke6 {[%emt 0:00:05]} Rxc6 {[%emt 0:00:00]} 65. Rxc6 {[%emt 0:01:25]} Rxc6+ {[%emt 0:00:00]} 66. Ke5 {[%emt 0:00:26]} Rc4 {[%emt 0:02:44]} 67. h4+ {[%emt 0:01:51]} Kg6 {[%emt 0:00:01]} 68. Rf6+ {[%emt 0:00:09]} Kh5 {[%emt 0:00:03]} 69. Rf4 {[%emt 0:00:41]} Rc3 {[%emt 0:00:33]} 70. Rf5+ {[%emt 0:00:03]} Kh6 {[%emt 0:00:03]} 71. Kf4 {[%emt 0:00:10]} Rc4+ {[%emt 0:00:05]} 72. Kf3 {[%emt 0:00:03]} Kg6 {[%emt 0:00:03]} 73. Rf4 {[%emt 0:00:14]} Rc1 {[%emt 0:00:04]} 74. Kg4 {[%emt 0:00:07]} Rc5 {[%emt 0:00:04]} 75. Re4 {[%emt 0:00:16]} Rc1 {[%emt 0:00:03]} 76. h5+ {[%emt 0:00:13]} Kf7 {[%emt 0:00:11]} 77. Rf4+ {[%emt 0:00:13]} Kg7 {[%emt 0:00:01]} 78. Kg5 {[%emt 0:00:15]} Rc5+ {[%emt 0:00:05]} 79. Rf5 {[%emt 0:00:03]} Rc6 {[%emt 0:00:03]} 80. g4 {[%emt 0:00:04]} Ra6 {[%emt 0:00:03]} 81. Rc5 {[%emt 0:00:08]} Ra7 {[%emt 0:00:03]} 82. h6+ {[%emt 0:00:11]} Kh7 {[%emt 0:00:03]} 83. Kh5 {[%emt 0:00:05]} Ra1 {[%emt 0:00:04]} 84. Rc7+ {[%emt 0:00:04]} Kh8 {[%emt 0:00:13]} 85. g5 {[%emt 0:00:11]} Ra8 {[%emt 0:00:03]} 86. Rf7 {[%emt 0:00:27]} Kg8 {[%emt 0:00:04]} 87. Rf5 {[%emt 0:00:05]} Ra1 {[%emt 0:00:07]} 88. Kg6 {[%emt 0:00:28]} Ra8 {[%emt 0:00:08]} 89. Rf6 {[%emt 0:00:18]} Rb8 {[%emt 0:00:17]} 90. Re6 {[%emt 0:00:38]} Rf8 {[%emt 0:00:10]} 91. Kh5 {[%emt 0:00:22]} Ra8 {[%emt 0:00:26]} 92. Re5 {[%emt 0:00:32]} Ra1 {[%emt 0:00:06]} 93. Rc5 {[%emt 0:00:47]} Ra2 {[%emt 0:00:07]} 94. Rc8+ {[%emt 0:00:21]} Kf7 {[%emt 0:00:01]} 95. g6+ {[%emt 0:00:39]} Kf6 {[%emt 0:00:02]} 96. Rf8+ {[%emt 0:00:05]} 1-0

[Event "RUS Cup Final Men 2019"]
[Site "Khanty-Mansiysk"]
[Date "2019.12.12"]
[Round "4.2"]
[White "Sarana, Alexey"]
[Black "Sjugirov, Sanan"]
[Result "0-1"]
[WhiteElo "2663"]
[BlackElo "2665"]
[Annotator "TA"]
[PlyCount "106"]
[EventDate "2019.12.05"]
[EventType "k.o."]
[EventCountry "RUS"]
[SourceTitle "playchess.com"]
[Source "ChessBase"]
[SourceQuality "1"]

{[%evp 9,106,16,21,23,39,14,11,10,18,17,14,0,0,0,0,0,0,0,0,0,9,0,14,0,0,0,18,0,9,0,12,0,0,0,0,0,0,0,0,0,0,-5,-9,-2,72,-538,57,59,51,0,0,0,11,15,21,16,22,12,20,0,0,0,47,0,0,0,116,104,94,16,17,0,0,0,0,-29,0,0,13,0,0,0,9,0,0,-303,-290,-290,-290,-660,-660,-660,-660,-660,-640,-612,-563,-531,-502]} 1. d4 Nf6 2. c4 e6 3. Nf3 d5 4. Nc3 Nbd7 5. Bf4 dxc4 6. e3 {D37: Queen's Gambit Declined: 5 Bf4} Bd6 7. Bxc4 (7. Bxd6 cxd6 8. Bxc4 Nb6 9. Bb3 Bd7 10. e4 Bc6 11. Qd3 Qe7 12. O-O O-O 13. d5 exd5 14. exd5 Bd7 15. Rfe1 Qd8 16. Nd4 {0-1 (41) Sarana,A (2562)-Sjugirov,S (2652) Taganrog 2018}) 7... Bxf4 8. exf4 {The position is equal.} Nb6 9. Bd3 Nbd5 10. Qd2 $146 ({Predecessor:} 10. Nxd5 Nxd5 11. g3 Bd7 12. Ne5 Qe7 13. O-O O-O {½-½ (41) Shirov,A (2712)-Khismatullin,D (2651) Poikovsky 2015}) 10... b6 11. Bb5+ Bd7 12. Bc4 O-O 13. Ne5 Bc8 14. O-O Bb7 15. Rfe1 Rc8 16. Rad1 Nxc3 17. Qxc3 Nd5 18. Qg3 Qd6 19. a3 a5 20. Qg4 Rcd8 21. Rd3 Qe7 22. f5 exf5 23. Qxf5 f6 24. Nf3 $1 ({Don't blunder} 24. Rh3 $2 g6 $19) 24... Qd7 25. Qh5 Kh8 {...Nf4 is the strong threat.} 26. Nh4 {Strongly threatening Ng6+.} Nf4 (26... Rfe8 $11 27. Rde3 Rxe3 28. fxe3 Nf4 29. exf4 Qxd4+ {[%mdl 64] Double Attack} 30. Kh1 Qxc4) 27. Ng6+ $1 $16 Nxg6 28. Rh3 {[%csl Gh3][%cal Rh5h7,Bd3h3,Bh3h5,Bh5d5][%mdl 32]} Nh4 29. Qxh4 ({White should play} 29. Rxh4 $14 g5 30. Rh3) 29... h6 $11 30. Qf4 $40 {[%mdl 128] White mounts an attack.} Rfe8 31. Ree3 {Intending Rxh6+! and mate.} Bc8 32. Rh5 {Threatens to win with Kf1.} Kh7 $1 33. Rd5 Rxe3 34. Qxe3 Qe8 35. Bd3+ Kg8 (35... g6 $5 {[%cal Re8e3]} 36. Rxd8 Qxd8 $11) 36. Bg6 (36. Bb5 $5 {[%cal Rb5e8]} Qf8 37. Qe4 Rxd5 38. Qxd5+ Kh7 39. h4 $14) 36... Qf8 37. Qe4 Ba6 (37... Bd7 $1 $11 {remains equal.}) 38. h4 $16 Kh8 39. Qe6 (39. Rxd8 $16 Qxd8 40. Qc6) 39... Bb7 40. Rd7 Rxd7 41. Qxd7 Qc8 42. Qe7 Bd5 (42... Bxg2 {looks sharper.} 43. Bf7 Bf3 44. Be6 Qb8 45. d5 Bh5) 43. h5 Kg8 44. b4 axb4 45. axb4 Be6 46. Be8 Bd5 47. b5 $2 {[%mdl 8192] [#]} (47. Bd7 $11 {and White has nothing to worry.} Qf8 48. Be6+ Bxe6 49. Qxe6+ Qf7 50. Qc8+ Kh7 51. Qf5+ Kg8 52. Qc8+ Kh7 53. Qf5+ Kg8 54. Qc8+) 47... Qg4 $1 $19 {[%csl Gd5,LRd4,LRg2][%cal Rg4g2][%mdl 576] Double Attack} 48. f3 Qxd4+ 49. Kh1 $2 (49. Kf1) 49... Qa1+ {Black is clearly winning.} 50. Kh2 {[#]} Qe5+ $1 51. Qxe5 fxe5 52. Bg6 Bc4 53. Be8 Bf7 {Accuracy: White = 50%, Black = 66%.} 0-1